Strategic management & organisational dynamics/ (Record no. 13497)
[ view plain ]
| 000 -LEADER | |
|---|---|
| fixed length control field | 00590nam a22002057a 4500 |
| 001 - CONTROL NUMBER | |
| control field | 13497 |
| 005 - DATE AND TIME OF LATEST TRANSACTION | |
| control field | 20260312075630.0 |
| 008 - FIXED-LENGTH DATA ELEMENTS--GENERAL INFORMATION | |
| fixed length control field | 260312b |||||||| |||| 00| 0 eng d |
| 020 ## - INTERNATIONAL STANDARD BOOK NUMBER | |
| International Standard Book Number | 0273613758 |
| 040 ## - CATALOGING SOURCE | |
| Original cataloging agency | BSULIB |
| 082 ## - DEWEY DECIMAL CLASSIFICATION NUMBER | |
| Edition number | 22 |
| Classification number | 658.4 |
| Item number | STA |
| 100 ## - MAIN ENTRY--PERSONAL NAME | |
| Personal name | Stacey, Ralph. D. |
| 9 (RLIN) | 26334 |
| 245 ## - TITLE STATEMENT | |
| Title | Strategic management & organisational dynamics/ |
| Statement of responsibility, etc | Ralph D Stacey. |
| 250 ## - EDITION STATEMENT | |
| Edition statement | 2nd ed. |
| 260 ## - PUBLICATION, DISTRIBUTION, ETC. (IMPRINT) | |
| Place of publication, distribution, etc | London: |
| Name of publisher, distributor, etc | Pitman publishing, |
| Date of publication, distribution, etc | 1996. |
| 300 ## - PHYSICAL DESCRIPTION | |
| Extent | xxiii, 520p.: |
| Other physical details | ill.; |
| Dimensions | 23cm. |
| 500 ## - GENERAL NOTE | |
| General note | Includes bibliographical references and index |
| 650 ## - SUBJECT ADDED ENTRY--TOPICAL TERM | |
| Source of heading or term | Management |
| 942 ## - ADDED ENTRY ELEMENTS (KOHA) | |
| Source of classification or shelving scheme | Dewey Decimal Classification |
| Item type | Books |
| Withdrawn status | Lost status | Source of classification or shelving scheme | Damaged status | Not for loan | Home library | Current library | Shelving location | Date acquired | Source of acquisition | Inventory number | Total Checkouts | Full call number | Barcode | Date last seen | Copy number | Price effective from | Koha item type | Public note |
|---|---|---|---|---|---|---|---|---|---|---|---|---|---|---|---|---|---|---|
| Dewey Decimal Classification | Main Library | Main Library | Reserve Book Section | 12/03/2026 | Purchased | 33096 | 658.4 STA | bsu26030145 | 12/03/2026 | 001 | 12/03/2026 | Books | Material available in hard copy |